000 00502nam a22001812 4500
001 0000009629
005 20151217155841.0
008 081113s xx 000 0 eng d
040 _aKABU
_cKABU
245 1 0 _aEast Africa past and present.
250 _a1st ed.
260 _aParis :
_bPresence Africaine,
_c1964.
300 _a217 p.
651 0 _aAfrica, East
_xCivilization.
_@0000161369
852 1 _9p200 KES
908 _a081113
950 _@1
999 _c13214
_d13214